Memoriales, circulares y capellanias 1800 - 1830

Gespeichert in:
Bibliographische Detailangaben
1. Verfasser: Ramírez Rivera, Hugo Rodolfo E (VerfasserIn)
Format: Buch
Sprache:Spanisch
Veröffentlicht: Santiago Publicaciones del Archivo Franciscano 1992
Schlagworte:
Tags: Tag hinzufügen
Keine Tags, Fügen Sie den ersten Tag hinzu!

MARC

LEADER 00000nam a2200000 a 4500
001 UCY3184
003 CL-VaPUC
008 941215e19920000CL |||||||||||||||||spa|d
082 0 4 |a 271.3083  |b RAM  |2 21 
100 0 |a Ramírez Rivera, Hugo Rodolfo E  |e author  |9 331414 
245 1 0 |a Memoriales, circulares y capellanias 1800 - 1830 
300 |a 66 p 
942 |c BK 
945 |d 19941215 00:00:00  |a aalvarez 
260 |a Santiago  |b Publicaciones del Archivo Franciscano  |c 1992 
650 0 |a Franciscanos   |9 267404 
651 7 |a CHILE  |2 CL-VaPUC  |9 331415 
583 |a last modification  |c 19941215 00:00:00  |k Rodrigo Vera 
999 |c 231394  |d 231392 
952 |0 0  |1 0  |4 0  |6 271_308300000000000_RAM_1992  |7 0  |8 A  |9 234626  |a BIBTEO  |b BIBTEO  |d 2019-11-15  |i 3043762  |o 271.3083 RAM 1992  |p 3043762  |r 2025-01-17  |w 2019-11-15  |y BK  |k ICR